|
|
|
|
| LEADER |
00000cam a2200000 a 4500 |
| 001 |
436 |
| 005 |
20230308160052.0 |
| 008 |
000000|1872 ||||||||r|||||||||||spa|| |
| 040 |
|
|
|b spa
|
| 041 |
1 |
|
|a spa
|
| 082 |
0 |
|
|a 235
|
| 100 |
1 |
|
|a Rougeyron, M. G.
|9 15937
|
| 245 |
3 |
3 |
|a El Anticristo, su persona, su reinado
|c M.G. Rougeyron. Traducción de Manuel Carbonero y Sol y Merás
|h imp
|
| 264 |
|
|
|a Madrid
|b Imprenta de la Esperanza
|c 1872
|
| 300 |
|
|
|a 294 páginas:
|c 18.5 cm
|
| 504 |
|
|
|a incl. ref.
|
| 650 |
|
|
|a Anticristo
|9 15938
|
| 852 |
|
|
|a UC-CDJBV
|c COLONIALES
|f Compra
|k margarita.gutierrez
|l 1
|m Limitada
|p 00000000
|q 50.00
|t 436
|y 62960
|b 1
|d CDRC
|e CDRC
|g 235 COLONIALES
|z 0000-00-00
|
| 856 |
|
|
|a http://sibuc.ucuenca.edu.ec/portada/436-cdj.jpg
|
| 942 |
|
|
|c BK
|
| 999 |
|
|
|c 8886
|d 8886
|